Catálogo
 En Linea

Ni Marx ni Jesús : (Registro nro. 14275)

Detalles MARC
000 -CABECERA
campo de control de longitud fija 01051cam a2200265 a 4500
001 - NÚMERO DE CONTROL
campo de control 000014692
003 - IDENTIFICADOR DEL NÚMERO DE CONTROL
campo de control DO-SdBNP
005 - FECHA Y HORA DE LA ÚLTIMA TRANSACCIÓN
campo de control 20250529125001.0
008 - DATOS DE LONGITUD FIJA--INFORMACIÓN GENERAL
campo de control de longitud fija 720613s1971 ag 000 0 spa d
035 ## - NÚMERO DE CONTROL DEL SISTEMA
Número de control de sistema (DLC) 70552502
035 ## - NÚMERO DE CONTROL DEL SISTEMA
Número de control de sistema (OCoLC)331446
040 ## - FUENTE DE LA CATALOGACIÓN
Centro catalogador/agencia de origen DO-SdBNP
Lengua de catalogación spa
Centro/agencia transcriptor BNPHU
Centro/agencia modificador OCoLC
-- DLC
041 17 - CÓDIGO DE LENGUA
Código de lengua del texto/banda sonora o título independiente spa
Código de lengua original fre
Fuente del código Código de idioma MARC
049 ## - FONDOS LOCALES (OCLC)
Fondos de biblioteca BNGR
082 ## - NÚMERO DE LA CLASIFICACIÓN DECIMAL DEWEY
Número de clasificación 320.0173
Número de documento/Ítem R449n
100 1# - ENTRADA PRINCIPAL--NOMBRE DE PERSONA
Nombre de persona Revel, Jean Francois,
Fechas asociadas al nombre 1924-2006.
9 (RLIN) 33303
240 10 - TÍTULO UNIFORME
Título uniforme Ni Marx ni Jésus: de la seconde révolution américaine á la seconde révolution mondiale.
Lenguaje de la obra Español
245 10 - MENCIÓN DE TÍTULO
Título Ni Marx ni Jesús :
Resto del título de la segunda revolución americana a segunda revolución mundial /
Mención de responsabilidad, etc. Jean-François Revel ; traducción Ramiro de Casasbellas ; edicción Robert Laffont.
260 ## - PUBLICACIÓN, DISTRIBUCIÓN, ETC.
Lugar de publicación, distribución, etc. Buenos Aires :
Nombre del editor, distribuidor, etc. Emecé,
Fecha de publicación, distribución, etc. 1971.
300 ## - DESCRIPCIÓN FÍSICA
Extensión 223 p. ;
Dimensiones 19 cm.
650 #0 - PUNTO DE ACCESO ADICIONAL DE MATERIA--TÉRMINO DE MATERIA
Término de materia o nombre geográfico como elemento de entrada Clases sociales
Subdivisión geográfica Estados Unidos
Subdivisión general Historia
Subdivisión cronológica Siglo XX
9 (RLIN) 1062
651 #4 - PUNTO DE ACCESO ADICIONAL DE MATERIA--NOMBRE GEOGRÁFICO
Nombre geográfico Estados Unidos
Subdivisión general Condiciones sociales
Subdivisión cronológica 1945-
9 (RLIN) 33304
910 ## - DATOS DE OPCIÓN DEL USUARIO (OCLC)
Datos de opción del usuario Catalogación por copia / LC
942 ## - ELEMENTOS DE PUNTO DE ACCESO ADICIONAL (KOHA)
Fuente del sistema de clasificación o colocación Dewey Decimal Classification
Tipo de ítem Koha Libro
Existencias
Estado de retiro Estado de pérdida Restricciones de uso No para préstamo Código de colección Localización permanente Ubicación/localización actual Ubicación en estantería Fecha de adquisición Número de inventario Total de préstamos Signatura topográfica completa Código de barras Fecha visto por última vez Precio válido a partir de Tipo de ítem Koha
      Excluido de préstamo Monografías: Libros y Folletos General General En catalogación 18.01.2010 LF1   320.0173 R449n 14692-10 25.06.2020 25.06.2020 No se presta

Con tecnología Koha